Library : an unquiet history

Αποθηκεύτηκε σε:
Λεπτομέρειες βιβλιογραφικής εγγραφής
Κύριος συγγραφέας: Battles, Matthew
Μορφή: Βιβλίο
Γλώσσα:English
Δημοσίευση: London : William Heinemann, c2003
Θέματα:
Ετικέτες: Προσθήκη ετικέτας
Δεν υπάρχουν, Καταχωρήστε ετικέτα πρώτοι!

MARC

LEADER 00000cam a2200000 i 4500
001 1/21266
008 120626s2003 eng d
020 |a 0-434-00887-7 
035 |l 10112843 
040 |a GR-MY-UA  |b gre  |e aacr 
041 0 |a eng 
082 0 |a 027.009  |2 (22) 
100 1 |a Battles, Matthew. 
245 1 0 |a Library :  |b an unquiet history /  |c Matthew Battles 
260 |a London :   |b William Heinemann,   |c c2003 
300 |a x, 245 σ.;  |c 22 εκ. 
504 |a Βιβλιογραφία: σ. [215]-227. Ευρετήριο 
650 0 0 |a Libraries  |x History. 
650 0 0 |a Libraries and society  |x History. 
650 0 0 |a Books  |x History. 
852 |a INST  |b SYROS  |e 20120626  |h 027.009 BAT  |p 005500010354  |q 005500010354  |t BK  |y 0 
901 |a BIBL5-2012-2 
909 |a Ε  |b 173912 
970 |a ΚΟΝΤΟΥ  |b ΠΑΡΑΣΚΕΥΗ  |z 2012/06/26